Κατασκευή κλίμακας μέτρησης στάσεων απέναντι στο διαδίκτυο και τις εφαρμογές του : διπλωματική εργασία [μεταπτυχιακή εργασία]
Αποθηκεύτηκε σε:
| Κύριος συγγραφέας: | |
|---|---|
| Συγγραφή απο Οργανισμό/Αρχή: | |
| Μορφή: | Thesis Βιβλίο |
| Γλώσσα: | Greek |
| Δημοσίευση: |
2015.
|
| Θέματα: | |
| Διαθέσιμο Online: | http://hdl.handle.net/11610/14028 |
| Ετικέτες: |
Προσθήκη ετικέτας
Δεν υπάρχουν, Καταχωρήστε ετικέτα πρώτοι!
|
MARC
| LEADER | 00000cam a2200000 a 4500 | ||
|---|---|---|---|
| 001 | 1/110110 | ||
| 008 | 160301s2015####gr | ||| |||| ||gre|| | ||
| 040 | |a GR-MyUa |b gre |c GR-MyUa |e AACR2 | ||
| 041 | 0 | |a gre | |
| 082 | 7 | |a 004.029 |2 (23) | |
| 100 | 1 | |a Κοτταρά, Σωτηρία. | |
| 245 | 1 | 0 | |a Κατασκευή κλίμακας μέτρησης στάσεων απέναντι στο διαδίκτυο και τις εφαρμογές του : |b διπλωματική εργασία [μεταπτυχιακή εργασία] / |c Κοτταρά Σωτηρία ; επιβλέπων καθηγητής Ρούσσος Πέτρος. |
| 260 | |c 2015. | ||
| 300 | |a 72 σ. ; |c 30 εκ. | ||
| 502 | |a Διατριβή (μεταπτυχιακή) – Πανεπιστήμιο Αιγαίου, Ρόδος, 2015. | ||
| 504 | |a Βιβλιογραφία: σ. 54-65. | ||
| 506 | 1 | |a Πλήρες κείμενο - Ελεύθερη δημοσίευση - Κλειδωμένη η δυνατότητα αντιγραφής του κειμένου. | |
| 650 | 0 | |a Computers |x Social aspects. | |
| 650 | 0 | |a Self-efficacy |x Measurment. | |
| 650 | 0 | |a Electronic digital computers |x Evaluation. | |
| 650 | 0 | |a Internet |x Social aspects. | |
| 700 | 1 | |a Ρούσσος, Πέτρος, |e dgs | |
| 710 | 1 | |a Πανεπιστήμιο Αιγαίου |b Σχολή Ανθρωπιστικών Επιστημών |b Τμήμα Επιστημών της Προσχολικής Αγωγής και του Εκπαιδευτικού Σχεδιασμού |b Πρόγραμμα Μεταπτυχιακών Σπουδών Φύλο και Νέα Εκπαιδευτικά και Εργασιακά Περιβάλλοντα στην Κοινωνία της Πληροφορίας. | |
| 852 | |a INST |b RHODES |c DIATR |e 20160301 |h 004.029 ΚΟΤ |p 005400038253 |q 005400038253 |t MTXE |y 23 | ||
| 856 | |u http://hdl.handle.net/11610/14028 | ||
| 924 | |a Κοτταρά |b Σωτηρία |y Ρόδος |z 2015-11 | ||
| 970 | |z 01-03-2016 | ||